| 000 | 00552nam a2200217 a 4500 | ||
|---|---|---|---|
| 999 |
_c4038 _d4038 |
||
| 001 | 4038 | ||
| 003 | BD-JhCC | ||
| 005 | 20171122095945.0 | ||
| 008 | 171122s19341963e a|||| ||a| 000 0 eng d | ||
| 035 | _a(BD-JhCC)4038 | ||
| 040 |
_aBD-JhCC _dBD-JhCC |
||
| 041 | _aeng | ||
| 082 |
_a823.914 _bPOE 1963 |
||
| 100 | _aPoe, Edgar Allian | ||
| 245 |
_aThe Purloined Letter / _cEdgar Allian Poe, |
||
| 260 |
_aLondon : _bOxford University Press, _c1963 |
||
| 300 |
_a31 p. : _c18 cm. |
||
| 650 | _aChildren Fiction | ||
| 942 |
_2ddc _cBK |
||